00914 2200301 4500001002100000005001500021035002000036007000300056008004100059020002200100082002200122084002400144100003300168245006900201250003400270300004100304650002200345264004000367336002100407337003000428338002300458040002200481090002200503850001200525504003100537999002200568990002200590INLIS00000000088399020240219105527 a0010-0224000537ta240219s2023 yoia g ind d a978-623-8270-34-7 4223a306.095985241 a306.095985241 TUN m3 aTunjanan, JohanisePengarang10aMerangkai impian menuai asa di kepulauan kei /cJohanis Tunjanan aCetakan pertama, Agustus 2023 axi, 97 halaman :bilustrasi ;c20 cm 4aKebudayaan Maluku31aBantul :bAlineaku Publisher,c2023 2rdacontentateks 2rdamediaatanpa perantara 2rdacarrieravolume aYOPDYOGbinderda aCB-D.11 2023-3507 aYOPDYOG aBibliografi: halaman 95-96 aCB-D.11/2023-3507 aCB-D.11/2023-3507